| 000 | 01919nam a2200325 a 4500 | ||
|---|---|---|---|
| 001 | ebr10540842 | ||
| 003 | CaPaEBR | ||
| 006 | m u | ||
| 007 | cr cn||||||||| | ||
| 008 | 110524s2011 ohua sb 001 0 eng d | ||
| 010 | _z 2011930444 | ||
| 020 | _z1615038213 | ||
| 020 | _z9781615038213 | ||
| 020 | _z9781615038459 (e-book) | ||
| 040 |
_aCaPaEBR _cCaPaEBR |
||
| 035 | _a(OCoLC)787848232 | ||
| 050 | 1 | 4 |
_aTN667 _b.M48 2011eb |
| 245 | 0 | 0 |
_aMetallurgy for the non-metallurgist _h[electronic resource] / _cedited by Arthur C. Reardon. |
| 250 | _a2nd ed. | ||
| 260 |
_aMaterials Park, Ohio : _bASM International, _cc2011. |
||
| 300 |
_axii, 513 p. : _bill. |
||
| 504 | _aIncludes bibliographical references and index. | ||
| 505 | 0 | 0 |
_g1. _tThe accidental birth of a no-Name alloy -- _g2. _tStructure of metals and alloys -- _g3. _tMechanical properties and strengthening mechanisms -- _g4. _tDiscovering metals : a historical overview -- _g5. _tModern alloy production-- _g6. _tFabrication and finishing of metal products -- _g7. _tTesting an inspection of metals : the quest for quality -- _g8. _tSteel products and properties -- _g9. _tHeat treatment of steel -- _g10. _tCast irons -- _g11. _tTool steels and high-speed steels -- _g12. _tStainless steels -- _g13. _tNonferrous metals : a variety of possibilities -- _g14. _tHeat treatment of nonferrous alloys -- _g15. _tCoping with corrosion -- _g16. _tThe durability of metals and alloys -- _g17. _tThe materials selection process. |
| 533 |
_aElectronic reproduction. _bPalo Alto, Calif. : _cebrary, _d2011. _nAvailable via World Wide Web. _nAccess may be limited to ebrary affiliated libraries. |
||
| 650 | 0 |
_aMetallurgy _vPopular works. |
|
| 655 | 7 |
_aElectronic books. _2local |
|
| 700 | 1 | _aReardon, Arthur C. | |
| 710 | 2 | _aebrary, Inc. | |
| 856 | 4 | 0 |
_uhttp://site.ebrary.com/lib/rucke/Doc?id=10540842 _zAn electronic book accessible through the World Wide Web; click to view |
| 999 |
_c246117 _d246117 |
||